000 00416pab a2200169 454500
008 180718b2015 xxu||||| |||| 00| 0 eng d
100 _aHilmi, Angela
245 _aPeasant farming, a buffer for human societies
260 _c2015
300 _ap.346-353.
650 _aAgriculture
650 _aRural development
650 _aPeasants
700 _aBurbi, Sara
773 _aDevelopment
909 _a114693
999 _c114687
_d114687